Responses for Show #6037 - Tuesday, December 7, 2010

Contestants

[<< previous game]

Jamie O'Hagin, a museum education coordinator from Center Tuftonboro, New Hampshire

Rich Zayatz, an emergency police dispatcher from Asheville, North Carolina

Josh Powell, a phone-based health coach from San Diego, California (whose 2-day cash winnings total $12,500)

[next game >>]

Jeopardy! Round responses

LOST IN SPACE
TIMELESS TV
LET'S HIT IT
WORLD BOOK DESCRIBES THE "G" MAN
MONEY SLANG
RVs
    $200 1
pliers

Rich
    $200 2
Jerry Lewis

Josh
    $200 11
pinata

Jamie
    $200 13
Gingrich

Josh
    $200 19
grand

Josh
    $200 26
front-wheel drive

Rich
    $400 3
Mir

Josh
    $400 5
General Hospital

Josh
    $400 12
pull

Josh
    $400 14
(Art) Garfunkel

Jamie
    $400 20
bread

Josh
    $400 27
Winnebago

Josh
    $600 4
a glove

Rich
    $600 8
CBS

Rich
    $600 17
Whack-A-Mole

Jamie
    $600 15
(Allen) Ginsberg

Jamie
    $2,200 21
a clam

Josh
    $600 28
[The end-of-round signal sounds.]

Mae West

Josh
    $800 6
(Josh: What is the Endeavour?)

Discovery

Josh
Triple Stumper
    $800 9
(Rich: What is The Wide World of Sports?)
(Josh: What is golf?)

the pro bowling tour

JoshRich
Triple Stumper
    $800 18
punching bags

Josh
    $800 16
Geronimo

Josh
    $800 22
a fin

Triple Stumper
    $1000 7
Gene Roddenberry

Rich
    $1000 10
Hallmark Hall of Fame

Rich
    $1000 25
soft

Josh
    $1000 24
(Alex: With a--less than a minute to go.)

(Frank) Gehry

Josh
    $1000 23
the Benjamins

Jamie

Scores at the first commercial break (after clue 15):

Josh Rich Jamie
$0 $2,600 $1,200

Scores at the end of the Jeopardy! Round:

Josh Rich Jamie
$7,400 $2,800 $2,800

Double Jeopardy! Round responses

PLAY HEROINES
DEFENESTRATION IN CINEMA
A MASSIVE "M"ETROPOLIS
TAINTED GOV
MEDICINE
4 CONSONANTS IN A ROW
    $400 21
A Streetcar Named Desire

Jamie
    $400 11
The Exorcist

Josh
    $400 1
[Rich selected the first clue.]

Melbourne

Josh
    $400 18
Blagojevich

Jamie
    $400 2
hypertension

Rich
    $400 12
a handstand

Jamie
    $800 23
Our Town

Rich
    $800 13
Die Hard

Josh
    $800 3
Manila

Josh
    $800 19
George Ryan

Triple Stumper
    $800 4
novocaine

Jamie
    $800 14
an inchworm

Josh
    $1200 22
Beverly Hills Cop

Josh
    $1200 5
Milan

Josh
    $1200 20
manager

Josh
    $1200 6
(Henry) Heimlich

Jamie
    $3,400 15
a bootstrap

Josh
    $3,000 7
(Jaime: What is Marrakech?)

Mumbai

Jamie
    $1600 25
(Charlie) Rangel

Rich
    $1600 9
atrial fibrillation

Josh
    $1600 16
anthracite

Rich
    $2000 27
[The end-of-round signal sounds.]

Major Barbara

Triple Stumper
    $2000 26
The Hudsucker Proxy

Triple Stumper
    $2000 8
Medellin

Triple Stumper
    $2000 24
(Alex: Louisiana and the '30s: [*])

Huey Long

Triple Stumper
    $2000 10
(Jaime: What is [*], uh...)
(Alex: Yeah, that's it.)

neonatal

Jamie
    $2000 17
the mainspring

Triple Stumper

Scores at the end of the Double Jeopardy! Round:

Josh Rich Jamie
$19,200 $7,200 $5,000
(lock game)

[wagering suggestions for these scores]

Final Jeopardy! Round responses

FLAGS OF THE WORLD
JamieWhat is Norway + Sweden?
$4,996
RichWhat is Norway and Sweden?
$2,801
JoshWhat are Finland & Swe
$4,800
Norway and Sweden

Final scores:

Josh Rich Jamie
$14,400 $10,001 $9,996
3-day champion: $26,900 2nd place: $2,000 3rd place: $1,000

Game dynamics:

Coryat scores:

Josh Rich Jamie
$15,400 $7,200 $8,000
24 R
(including 2 DDs),
2 W
10 R,
1 W
11 R,
1 W
(including 1 DD)

Combined Coryat: $30,600

[game clues] [game scores] [suggest correction]

Game tape date: 2010-09-14
The J! Archive is created by fans, for fans. Scraping, republication, monetization, and malicious use prohibited; this site may use cookies and collect identifying information. See terms. The Jeopardy! game show and all elements thereof, including but not limited to copyright and trademark thereto, are the property of Jeopardy Productions, Inc. and are protected under law. This website is not affiliated with, sponsored by, or operated by Jeopardy Productions, Inc. Join the discussion at JBoard.tv.